Celebrity inspired baby name booms - Statistics

General Stats
  • This quiz has been taken 1,495 times
  • The average score is 11 of 20
Answer Stats
Name Era Hint Answer % Correct
Billie 2020s Musician Billie Eilish
85%
Politician John F. Kennedy
85%
Paul 1960s Musician Paul McCartney
85%
Jacqueline 1960s Celebrity Jacqueline Kennedy Onassis
84%
Musician John Lennon
81%
Richard 1970s Politician Richard Nixon
80%
Keira 2000s Actress Keira Knightley
79%
Julie 1960s Actress Julie Andrews
70%
Lisa 1970s Musician's daughter Lisa Presley
59%
Luna 2000s/2010s Fictional character Luna Lovegood
55%
Arya 2010s Fictional character Arya Stark
52%
Jessica 1990s Fictional character Jessica Rabbit
51%
John 1950s/60s Actor John Wayne
46%
Emma 1980s Actress Emma Thompson
44%
Gianna 2020s Athlete's daughter Gianna Bryant
43%
Christopher 1980s Actor Christopher Reeve
40%
Actor Christopher Walken
35%
Thomas 1990s Actor Tom Cruise
31%
1990s Actor Tom Hanks
24%
Musician/celebrity's daughter Luna Simone Stephens
1%
No matching quizzes found
Score Distribution
Percent of People with Each Score
Percentile by Number Answered
Your Score History
You have not taken this quiz